• 首页
  • 本馆介绍
  • 公告通知
  • 最新文献
  • 馆藏检索
  • 电子资源
  • 读者荐购
  • 参考咨询
  • CALIS
  • 我的图书馆
  • 登录
  • 详细信息显示
  • 放入我的书架
  • 预约/预借图书
  • 作者相关作品
  • 分类相关作品
  • 丛书相关作品
  • 出版社相关作品

书目信息

  • 表格格式
  • 工作单格式
  • 卡片格式
题名:
混凝土工操作技能快学快用
    
 
作者: 许云萍 编写
分册:  
出版信息: 北京   中国建材工业出版社  2015.04
页数: 354页
开本: 21cm
丛书名: 新型城镇化建设与农村劳动力转移培训系列教材
单 册:
中图分类: TU755
科图分类:
主题词: 混凝土施工--hun ning tu shi gong--技术培训--教材
电子资源:
ISBN: 978-7-5160-1168-3
 
 
 
 
 
000 01302nam 2200289 450
001 CAL 0120151555169
005 20150826163951.39
010    @a978-7-5160-1168-3@dCNY32.00
100    @a20150601d2015 em y0chiy50 ea
101 0  @achi
102    @aCN@b110000
105    @aak a 000yy
106    @ar
200 1  @a混凝土工操作技能快学快用@Ahun ning tu gong cao zuo ji neng kuai xue kuai yong@f本书编写组编
210    @a北京@c中国建材工业出版社@d2015.04
215    @a354页@c图@d21cm
225 2  @a新型城镇化建设与农村劳动力转移培训系列教材@Axin xing cheng zhen hua jian she yu nong cun lao dong li zhuan yi pei xun xi lie jiao cai
314    @a书内题: 许云萍主编
320    @a有书目
330    @a本书根据《混凝土结构工程施工规范》 (GB 50666-2011) 进行编写, 详细阐述了混凝土结构工程的实用施工方法与操作技能。全书主要内容包括混凝土概述、混凝土组成材料、混凝土配合比设计与质量控制、混凝土工程、预应力工程、现浇结构混凝土工程、泵送混凝土工程、构筑物混凝土工程、特种混凝土工程、装配式结构工程、混凝土季节性施工等。
410  0 @12001 @a新型城镇化建设与农村劳动力转移培训系列教材
586    @a
606 0  @a混凝土施工@Ahun ning tu shi gong@x技术培训@j教材
690    @aTU755@v5
701  0 @a许云萍@Axu yun ping@4编写
801  0 @aCN@c20150820
905    @a河南城建学院图书馆@dTU755@eH955@f2
    
    混凝土工操作技能快学快用/本书编写组编.-北京:中国建材工业出版社,2015.04
    354页:图;21cm.-(新型城镇化建设与农村劳动力转移培训系列教材)
    
    
    ISBN 978-7-5160-1168-3:CNY32.00
    本书根据《混凝土结构工程施工规范》 (GB 50666-2011) 进行编写, 详细阐述了混凝土结构工程的实用施工方法与操作技能。全书主要内容包括混凝土概述、混凝土组成材料、混凝土配合比设计与质量控制、混凝土工程、预应力工程、现浇结构混凝土工程、泵送混凝土工程、构筑物混凝土工程、特种混凝土工程、装配式结构工程、混凝土季节性施工等。
●
相关链接 在E读中查询图书 在当当中查询图书 在豆瓣中查询图书


正题名:混凝土工操作技能快学快用     索取号:TU755/H955         预约/预借

序号 登录号 条形码 馆藏地/架位号 状态 备注
1 1233382   212333820   建筑库201/201建筑库 42排1列4层/ [索取号:TU755/H955] 在馆    
2 1233383   212333839   建筑库201/201建筑库 42排1列4层/ [索取号:TU755/H955] 在馆    
河南城建学院图书馆 欢迎您!
大连网信软件有限公司© 版权所有